Power Electronics and Control (Record no. 247375)

MARC details
000 -LEADER
fixed length control field 00484nam a2200169Ia 4500
008 - FIXED-LENGTH DATA ELEMENTS--GENERAL INFORMATION
fixed length control field 240921s9999||||xx |||||||||||||| ||und||
082 ## - DEWEY DECIMAL CLASSIFICATION NUMBER
-- 621.317
100 ## - MAIN ENTRY--PERSONAL NAME
Personal name Dutta B N
245 #0 - TITLE STATEMENT
Title Power Electronics and Control
260 ## - PUBLICATION, DISTRIBUTION, ETC. (IMPRINT)
Name of publisher, distributor, etc #VALUE!
500 ## - GENERAL NOTE
General note Missing cost Rs 125.00 collected from Saravan J Final Dept: ECE (Bill No 2826 &dated 28-04-1997)
650 ## - SUBJECT ADDED ENTRY--TOPICAL TERM
Topical term or geographic name as entry element Power Electronics
942 ## - ADDED ENTRY ELEMENTS (KOHA)
Item type Books
Holdings
Withdrawn status Lost status Damaged status Permanent location Current location Shelving location Date acquired Source of acquisition Cost, normal purchase price Full call number Barcode Date last seen Koha item type
  Lost and paid for   CENTRAL LIBRARY, NOORUL ISLAM CENTRE FOR HIGHER EDUCATION CENTRAL LIBRARY, NOORUL ISLAM CENTRE FOR HIGHER EDUCATION   05/09/2003 Academic Book House,Trivandrum 49.00 621.317 330 09/21/2024 Books
Visitors:
Copyright © 2024 Central Library NICHE.  All rights reserved.